000 00621nam a22002297a 4500
005 20260515153312.0
008 260515b |||||||| |||| 00| 0 eng d
020 _a9780387400891
_c21166.99
040 _aMAIN
041 _aEnglish
082 _a006.4
_bBOL
100 _aBolle, Ruud M.
_922780
245 _aGuide to Biometrics
260 _aNew York
_bSpringer
_c2023
300 _a364
650 _aComputer Science (PM (USHA)
_926808
700 _aConnell, Jonathan H.
_922781
700 _aPankanti, Sharath
_922782
700 _aRatha, Nalini K
_922783
700 _aSenior, Andrew W.
_922784
942 _cBK
999 _c60807
_d60807